Razvitije techniki dorožnogo strojiteľstva /

Gespeichert in:
Bibliographische Detailangaben
1. Verfasser: Babkov, Valerij Fedorovič (Verfasst von)
Format: Buch
Sprache:Russisch
Veröffentlicht: Moskva : Translator s.c., 1988
Tags: Tag hinzufügen
Keine Tags, Fügen Sie das erste Tag hinzu!

MARC

LEADER 00000nam a22000003a 4500
001 stu28401
005 20150617225658.5
008 950308s1988----xxr-----------------rus-d
040 |a STU  |b slo 
041 0 |a rus 
044 |a xxr 
080 |a 625.7/.8(09) 
100 1 |a Babkov, Valerij Fedorovič  |4 aut 
245 1 |a Razvitije techniki dorožnogo strojiteľstva /  |c [aut]Babkov,Valerij Fedorovič 
260 |a Moskva :  |b Translator s.c.,  |c 1988 
300 |a 269 s 
996 |c V*38096/O-15957  |l VV2  |s P  |a 0  |w stu28401_0001